| 000 | 00918am a2200337a 44500 | ||
|---|---|---|---|
| 003 | AR-BaBNM | ||
| 005 | 20251128211129.0 | ||
| 008 | 032120s1988 #AR|||||||||||000 | esp|| | ||
| 020 | _a968-23-1444-5 | ||
| 040 | _cAR-BaBNM | ||
| 100 | 1 | _aDalton, Roque | |
| 245 | 1 | 0 | _aEl intelectual y la sociedad |
| 260 |
_aMéxico _bSiglo Veintiuno Editores _c1988 |
||
| 300 | _a101 p. | ||
| 500 | _aEste ejemplar carece de las primeras siete páginas | ||
| 650 | 4 | _aSOCIOLOGIA CULTURAL | |
| 650 | 4 | _aINTELECTUALES | |
| 650 | 4 | _aVIDA CULTURAL | |
| 650 | 4 | _aESCRITORES | |
| 650 | 4 | _aIDEOLOGIAS POLITICAS | |
| 650 | 4 | _aLITERATURA CONTEMPORANEA | |
| 650 | 4 | _aREVOLUCION | |
| 655 | _aLITERATURA | ||
| 700 | 1 | _aDepestre, René | |
| 700 | 1 | _aDesnoes, Edmundo | |
| 700 | 1 | _aFernández Retamar, Roberto | |
| 700 | 1 | _aFornet, Ambrosio | |
| 700 | 1 | _aGutiérrez, Carlos María | |
| 942 | _cBK | ||
| 998 | _cmariana | ||
| 999 |
_c18366 _d18366 |
||